Listing towards consent (Record no. 84166)
[ view plain ]
| 000 -LEADER | |
|---|---|
| fixed length control field | 01180cab a22002175a 4500 |
| 001 - CONTROL NUMBER | |
| control field | L156834 |
| 008 - FIXED-LENGTH DATA ELEMENTS--GENERAL INFORMATION | |
| fixed length control field | 120718e20120714xxk 000 0 eng d |
| 035 ## - SYSTEM CONTROL NUMBER | |
| System control number | (Sirsi) u156834 |
| 041 0# - LANGUAGE CODE | |
| Language code of text/sound track or separate title | eng |
| 100 1# - MAIN ENTRY--PERSONAL NAME | |
| Personal name | Dawson, Monica |
| 245 00 - TITLE STATEMENT | |
| Title | Listing towards consent |
| 260 ## - PUBLICATION, DISTRIBUTION, ETC. | |
| Date of publication, distribution, etc. | 2012 |
| 490 ## - SERIES STATEMENT | |
| Series statement | Estates Gazette |
| Volume/sequential designation | (1228) 14 July 2012, 76-77(2) |
| 510 4# - CITATION/REFERENCES NOTE | |
| Name of source | Considers a number of factors which can facilitate the development of listed buildings. Reviews case law which has considered sustainability verses conservation issues for example, "Enertrag (UK) Ltd v SoS Communities and Local Government" [2009] EWHC 679 (Admin) and "Historic Buildings and Monuments Commission for England (English Heritage) v SoS Communties and Local Government" [2009] EWHC 2298 (Admin) and "R (on the application of Garner) v Elmbridge BC" [2011] EWHC 86 (Admin). |
| 590 ## - LOCAL NOTE (RLIN) | |
| Local note | KA |
| 650 24 - SUBJECT ADDED ENTRY--TOPICAL TERM | |
| Topical term or geographic name entry element | ENERTRAG (UK) LTD V SOS COMMUNITIES AND LOCAL GOVERNMENT |
| 650 24 - SUBJECT ADDED ENTRY--TOPICAL TERM | |
| Topical term or geographic name entry element | HISTORIC BUILDING AND MONUMENTS COMMISSION FOR ENGLAND (ENGLISH HERITAGE) V SOS COMMUNITIES AND LOCAL GOVERNMENT |
| 650 24 - SUBJECT ADDED ENTRY--TOPICAL TERM | |
| Topical term or geographic name entry element | R (ON THE APPLICATION OF GARNER) V ELMBRIDGE BC |
| 690 ## - LOCAL SUBJECT ADDED ENTRY--TOPICAL TERM (OCLC, RLIN) | |
| Topical term or geographic name as entry element | Building control |
| 9 (RLIN) | 6222 |
| 942 ## - ADDED ENTRY ELEMENTS (KOHA) | |
| Suppress in OPAC | 0 |
| Withdrawn status | Lost status | Source of classification or shelving scheme | Damaged status | Not for loan | Home library | Current library | Shelving location | Date acquired | Total Checkouts | Full call number | Barcode | Date last seen | Copy number | Price effective from | Koha item type |
|---|---|---|---|---|---|---|---|---|---|---|---|---|---|---|---|
| Dewey Decimal Classification | London | London | Journal article | 18/07/2012 | L156834 | 156834-1001 | 06/08/2019 | 1 | 06/08/2019 | Journal article |